000 00386nam a22001697a 4500
005 20260407155933.0
008 160627b xxu||||| |||| 00| 0 eng d
020 _a0-586-04434-5
041 _aeng
082 _a823.912
100 _aHuxley, Aldous
_98924
245 _aBrave New World
260 _bFlamigo
_c1994
300 _a237
650 _aenglish fiction
_98925
942 _cBK
999 _c4180
_d4179